000 00730nam a2200241Ia 4500
003 OSt
005 20221006165100.0
006 a|||||r|||| 00| 0
007 ta
008 221006b |||||||| |||| 00| 0 hin d
024 _a7,171
037 _cTheseses
040 _aFML
_cFML
_bhin
041 _2hin
_ahin
100 _aAnurani Au.
_9679051
110 _aDelhi University. Faculty of Music and Fine Arts. Department of Music
245 0 _aBhartiya Sangeet main Nibbadh Gayan Shailayon ka Vikas tatha Unka Badalta Swaroop
260 _c1995
300 _a241
_ccm.
700 _aDelhi University. Faculty of Music and Fine Arts. Department of Music
942 _cDIS
_2CC
999 _c1119531
_d1119531